00724nam a2200217 a 450000100100000000500170001000800410002702000150006804000250008308200210010810000300012924500700015925000120022926000450024130000300028649000160031683000230033204900150035595201190037099900170048900003388020200930070608.0100201s1990 sp a 000 0 spa d a8478800336 aDO-SdBNPbspacBNPHU axxxxbnnnn, 19901 aRico Godoy, Carmen95931510aComo ser una mujer y no morir en el intento /cCarmen Rico Godoy. a7a. ed. aMadrid :bEdiciones Temas de Hoy,c1990. a196 p. ; :bil. ;c20 cm.1 aEl Papagayo 0aEl Papagayo943887 aEn proceso 001050718MOaGRbGRcCTd2011-09-14iLF1l0oxxxx nnnn, 1990p33880-10r2020-06-25w2020-06-25y1ZNo se presta c33371d33371